| 000 | 01076nam a2200277 i 4500 | ||
|---|---|---|---|
| 001 | 188624 | ||
| 003 | SpMaBN | ||
| 005 | 20251114135829.0 | ||
| 008 | 190114s2002 sp fo |||| |aspa d | ||
| 020 | _a84-9734-060-4 | ||
| 080 | _a929 Ruiz Moragas, Leandro Alfonso | ||
| 100 | 1 |
_aBorbón Ruiz, Leandro de, _d1929-2016 _9165952 |
|
| 245 | 1 | 3 |
_aEl bastardo real _b: memorias del hijo no reconocido de Alfonso XIII / _cLeandro Alfonso Ruiz Moragas ; edición de José María Solé ; prólogo de Jaime Peñafiel. |
| 250 | _a5ª ed. | ||
| 260 |
_aMadrid : _bLa Esfera de los Libros, _c2002. |
||
| 300 |
_a282 p., [48] p. de lám. ; _c25 cm. |
||
| 490 | 1 | _aLa Esfera historia | |
| 504 | _aBibliografía: p. [277]-282. | ||
| 600 | 1 | 4 |
_aBorbón Ruiz, Leandro de, _d1929-2016 _9165952 |
| 700 | 1 |
_aSolé Mariño, José María, _d1951- _9165953 |
|
| 700 | 1 |
_aPeñafiel, Jaime, _d1932- _9165954 |
|
| 830 | 0 |
_aLa Esfera historia _9183046 |
|
| 852 |
_aES-MaACL _jA-14294 _9195755 _bR.151579 _cDEPO1 _dOlim: N-7294 |
||
| 942 |
_2udc _cMONOGRAFIA |
||
| 999 |
_c188624 _d188624 |
||